Top Five Footballers / Teams By Category #1 - Statistics

General Stats
  • This quiz has been taken 111 times
  • The average score is 28 of 38
Answer Stats
Country % Correct
Cristiano Ronaldo
100%
Lionel Messi
100%
Real Madrid
97%
Brazil
96%
Uruguay / France
96%
Argentina
95%
Neymar jr
94%
France
93%
Germany
93%
Italy
93%
Uruguay
93%
Barcelona FC
91%
Kylian Mbappe
90%
AC Milan
89%
Chile / Paraguay / Peru
89%
Liverpool FC
89%
Spain
89%
Netherlands / Czechoslovakia / Denmark / Greece / USSR / Portugal
84%
Sevilla
81%
Bayern Munich
80%
Egypt
77%
Karim Benzema
74%
Nigeria
72%
Robert Lewandowski
71%
Ivory Coast
70%
Cameroon
68%
Ghana
61%
Inter
59%
Raul Gonzalez
54%
Johan Cruyff
51%
Philippe Coutinho
51%
Marco Van Basten
49%
Michel Platini
48%
Juventus
45%
Atletico Madrid
38%
Enzo Fernandez
34%
Joao Felix
34%
David Beckham
25%
No matching quizzes found
Score Distribution
Percent of People with Each Score
Percentile by Number Answered
Your Score History
You have not taken this quiz